00301nam a2200097Ia 45000010005000000080041000050820017000461000048000632450064001112600028001752786241024s9999 xx 000 0 und d aRD/378/UN58l aUniversidad Autonoma de Santo Domingo, UASD 0aLibros de Graduandos. 474 Aniversarios (28 de octubre 2012) bEd. Universitariac2012